|
|
|
|
| LEADER |
00000nss a2200000 a 4500 |
| 001 |
45534-121 |
| 005 |
20230308223224.0 |
| 008 |
000000| ||||||||r|||||||||||spa|| |
| 040 |
|
|
|b spa
|
| 041 |
1 |
|
|a spa
|
| 082 |
0 |
|
|a 340.05
|b C592r
|
| 110 |
1 |
|
|a Colegio de Abogados de Quito
|9 175527
|
| 245 |
|
|
|a Revista Forense
|c Colegio de Abogados de Quito
|h imp
|
| 264 |
|
|
|a Quito
|b Colegio de Abogados de Quito
|c Octubre de 1936
|
| 300 |
|
|
|a 83 páginas:
|c 25 cm
|
| 362 |
|
|
|a Tomo XXIV; no. 121 (octubre de 1936)
|
| 650 |
|
|
|a Revista forense
|9 175528
|
| 852 |
|
|
|a UC-CDJBV
|c ESTANTERIA CERRADA
|f Donación
|k mariana.feican
|l 1
|m General
|p 00000000
|q 1.00
|r 2
|t 45534-121
|b 0
|d CDRC
|e CDRC
|g 340.05 C592r ESTANTERIA CERRADA
|z 0000-00-00
|
| 942 |
|
|
|c SER
|
| 999 |
|
|
|c 143895
|d 143895
|